000 00642nam a2200241Ia 4500
003 OSt
005 20220918204330.0
006 a|||||r|||| 00| 0
007 ta
008 220917b |||||||| |||| 00| 0 eng d
024 _a112,157
037 _cTextual
040 _aARTS
_cARTS
_beng
041 _2eng
_aeng
082 _aV55.N15<-L15, K9
100 _aAtlomspm C T
_9111602
245 0 _aHistory of Germany 1715-1815
260 _aNew York
_bBarnes & Nobles
_c1969
300 _axx, 732p. maps
_ccm.
650 _aHISTORY
942 _hV55.N15<-L15, K9
_cTEXL
_2CC
999 _c235506
_d235506